[Event "XXVIII Memorial Edoardo Crespi A"]
[Site "Milano ITA"]
[Date "2007.12.07"]
[Round "4"]
[White "Arboscelli, Gregorio"]
[Black "Zacco, Remo"]
[Result "1/2-1/2"]
[WhiteElo "1913"]
[BlackElo "1994"]
[PlyCount "88"]
[EventDate "2007.12.05"]

1. d4 Nf6 2. c4 g6 3. Nf3 Bg7 4. g3 O-O 5. Bg2 d6 6. O-O Nc6 7. Nc3 Bg4 8. h3
Bxf3 9. Bxf3 Rb8 10. e4 Qd7 11. Kh2 e5 12. dxe5 Nxe5 13. Be2 Qc6 14. Nd5 Rfe8
15. Nxf6+ Bxf6 16. Qc2 b5 17. Be3 Nxc4 18. Bd3 Ne5 19. Qxc6 Nxc6 20. Rac1 Ne5
21. Be2 c5 22. Rfd1 Be7 23. Bf4 f6 24. Bxe5 fxe5 25. b3 Rf8 26. f3 a5 27. Kg2
Rb6 28. Rc2 Ra8 29. a4 bxa4 30. bxa4 Rb4 31. Bb5 Rf8 32. Rd3 Rc8 33. Rdc3 Rb8
34. Rc4 Bg5 35. Kf2 Kf8 36. Ke2 Kf7 37. R4c3 Rd4 38. Bc4+ Ke7 39. Bb5 h5 40.
Rd3 Rb4 41. Rdc3 Bh6 42. Rc4 g5 43. Rxb4 cxb4 44. Bc4 Ra8 1/2-1/2

[Event "XXVIII Memorial Edoardo Crespi A"]
[Site "Milano ITA"]
[Date "2007.12.07"]
[Round "4"]
[White "Astengo, Corrado"]
[Black "Vinzoni, Andrea"]
[Result "1/2-1/2"]
[WhiteElo "2122"]
[BlackElo "2073"]
[PlyCount "23"]
[EventDate "2007.12.05"]

1. e4 e6 2. d3 d5 3. Nd2 Nf6 4. Ngf3 Nc6 5. e5 Nd7 6. d4 f6 7. exf6 Nxf6 8. c3
Bd6 9. Bd3 O-O 10. O-O e5 11. dxe5 Nxe5 12. Nxe5 1/2-1/2

[Event "XXVIII Memorial Edoardo Crespi A"]
[Site "Milano ITA"]
[Date "2007.12.07"]
[Round "4"]
[White "Bemporad, Filippo"]
[Black "Bosi, Clint"]
[Result "1/2-1/2"]
[WhiteElo "2082"]
[BlackElo "2050"]
[PlyCount "101"]
[EventDate "2007.12.05"]

1. d4 Nf6 2. Nf3 g6 3. c4 Bg7 4. Nc3 d5 5. cxd5 Nxd5 6. Qa4+ c6 7. Nxd5 Qxd5 8.
e3 O-O 9. Bc4 Qd6 10. Qb3 b5 11. Be2 Be6 12. Qc2 Nd7 13. O-O a6 14. Bd2 c5 15.
dxc5 Qxc5 16. Qxc5 Nxc5 17. Nd4 Bxd4 18. exd4 Nd7 19. b3 Nf6 20. Bg5 Kg7 21.
Bf3 Rad8 22. Bb7 Bc8 23. Bxc8 Rxc8 24. Rac1 e6 25. Rxc8 Rxc8 26. Rc1 Rxc1+ 27.
Bxc1 Nd5 28. Bd2 Ne7 29. Kf1 Nc6 30. Bc3 Kf8 31. Ke2 Ke7 32. Ke3 f6 33. Kd3 Kd6
34. Ke4 b4 35. Bb2 f5+ 36. Kf4 h6 37. h4 Kd5 38. Ke3 a5 39. g3 g5 40. h5 Ne7
41. a3 Ng8 42. axb4 axb4 43. Kd3 Nf6 44. Bc1 Nxh5 45. Bd2 Nf6 46. Bxb4 h5 47.
Be7 Ne4 48. Ke3 f4+ 49. gxf4 gxf4+ 50. Kxf4 Nxf2 51. Kg5 1/2-1/2

[Event "XXVIII Memorial Edoardo Crespi A"]
[Site "Milano ITA"]
[Date "2007.12.07"]
[Round "4"]
[White "Bove, Alessandro"]
[Black "Bernago, Federico"]
[Result "1-0"]
[WhiteElo "2195"]
[BlackElo "2002"]
[PlyCount "43"]
[EventDate "2007.12.05"]

1. e4 c5 2. Nf3 e6 3. b3 d6 4. Bb2 Nf6 5. e5 dxe5 6. Nxe5 Be7 7. Bb5+ Bd7 8.
Qf3 Qc7 9. Na3 a6 10. Bxd7+ Nbxd7 11. Nac4 O-O 12. a4 Nb6 13. Nxb6 Qxb6 14. O-O
Rad8 15. Rad1 Qb4 16. Nc4 b5 17. Ba3 bxc4 18. Bxb4 cxb4 19. bxc4 Rd4 20. Qb7
Rd7 21. Qxa6 Rfd8 22. Qc6 1-0

[Event "XXVIII Memorial Edoardo Crespi A"]
[Site "Milano ITA"]
[Date "2007.12.07"]
[Round "4"]
[White "Bozzali, Ermanno"]
[Black "Drazic, Sinisa"]
[Result "1/2-1/2"]
[WhiteElo "2136"]
[BlackElo "2493"]
[PlyCount "160"]
[EventDate "2007.12.05"]

1. e4 e6 2. d4 d5 3. Nc3 dxe4 4. Nxe4 Bd7 5. Nf3 Bc6 6. Bd3 Nd7 7. Qe2 Ngf6 8.
Bd2 Bxe4 9. Bxe4 Nxe4 10. Qxe4 c6 11. c4 Be7 12. O-O O-O 13. Bc3 Re8 14. Rad1
Bf8 15. Rfe1 a6 16. b3 Rc8 17. Ne5 Nxe5 18. dxe5 Qc7 19. Rd3 Red8 20. Red1 Be7
21. Qe1 Rxd3 22. Rxd3 Rd8 23. Rxd8+ Qxd8 24. Qd2 Qc7 25. Kf1 h5 26. Qd3 g6 27.
h3 b5 28. Ke2 Kf8 29. g4 hxg4 30. hxg4 Ke8 31. f4 b4 32. Bd2 g5 33. Qe4 gxf4
34. Bxf4 Qb6 35. Be3 Bc5 36. Bxc5 Qxc5 37. Kd3 Kf8 38. Qd4 Qa5 39. Ke4 Kg7 40.
Qf2 Qd8 41. Qf4 Kg6 42. Qh2 c5 43. Qf2 Qe7 44. Qe3 a5 45. Kd3 Qa7 46. Ke4 Qc7
47. Kd3 Qd7+ 48. Ke4 Qa7 49. Kd3 a4 50. Qf2 Qd7+ 51. Ke4 Qb7+ 52. Kd3 Kg5 53.
Qxc5 axb3 54. axb3 Kxg4 55. Qg1+ Kf5 56. Qe3 Qg2 57. Kd4 Qb2+ 58. Kc5 Qc3 59.
Qf2+ Kxe5 60. Qxf7 Qxb3 61. Qh5+ Ke4 62. Qg4+ Kd3 63. Qf3+ Kc2 64. Qe2+ Kc3 65.
Qe1+ Kd3 66. Qg3+ Kc2 67. Qf2+ Kd1 68. Qf1+ Kd2 69. Qf2+ Kc3 70. Qd4+ Kc2 71.
Qf2+ Kb1 72. Qe1+ Kc2 73. Qf2+ Kc3 74. Qd4+ Kc2 75. Qf2+ Kb1 76. Qe1+ Ka2 77.
Qxb4 Qe3+ 78. Kd6 e5 79. Qa5+ Kb3 80. Qxe5 Qd3+ 1/2-1/2

[Event "XXVIII Memorial Edoardo Crespi A"]
[Site "Milano ITA"]
[Date "2007.12.07"]
[Round "4"]
[White "Brunetti, Alessandro"]
[Black "Cardani, Roberto"]
[Result "1/2-1/2"]
[WhiteElo "2002"]
[BlackElo "1923"]
[PlyCount "120"]
[EventDate "2007.12.05"]

1. d4 Nf6 2. Nf3 g6 3. c3 Bg7 4. Bf4 O-O 5. e3 d6 6. Nbd2 Nbd7 7. Bd3 c5 8. h3
b6 9. Bh2 Bb7 10. O-O d5 11. Rc1 Ne4 12. Re1 Ndf6 13. Nf1 Nd7 14. N3d2 e5 15.
dxe5 Nxe5 16. Bb1 f5 17. Qe2 Qf6 18. f3 Nxd2 19. Nxd2 Rad8 20. Rcd1 Rfe8 21.
Kh1 Qc6 22. e4 fxe4 23. fxe4 d4 24. cxd4 Rxd4 25. Nf3 Nxf3 26. gxf3 Red8 27.
Rxd4 Rxd4 28. Rd1 Ba6 29. Qe1 Qf6 30. f4 Bb7 31. b3 Qd8 32. Rxd4 Qxd4 33. Bg1
Qb2 34. Qd1 Bd4 35. Qc2 Qxc2 36. Bxc2 Bxg1 37. Kxg1 Kf7 38. Kf2 Ke6 39. Ke3 b5
40. Bd3 a6 41. Be2 Kf6 42. h4 h6 43. Bd3 g5 44. e5+ Ke6 45. hxg5 hxg5 46. fxg5
Kxe5 47. g6 Bd5 48. g7 Bg8 49. Be4 a5 50. Bc6 a4 51. bxa4 bxa4 52. a3 Bc4 53.
Bxa4 Kf6 54. Bb5 Bd5 55. Kf4 Kxg7 56. Ke5 Bb3 57. Ke4 Kf6 58. Kd3 Ke7 59. Kc3
Bd1 60. Kc4 Kd6 1/2-1/2

[Event "XXVIII Memorial Edoardo Crespi A"]
[Site "Milano ITA"]
[Date "2007.12.07"]
[Round "4"]
[White "Calvi, Gianluca"]
[Black "Virzi, Ettore"]
[Result "0-1"]
[WhiteElo "1901"]
[BlackElo "1956"]
[PlyCount "124"]
[EventDate "2007.12.05"]

1. d4 Nf6 2. c4 g6 3. Nc3 Bg7 4. e4 d6 5. f3 O-O 6. Be3 b6 7. Bd3 Bb7 8. Nge2
c5 9. Qd2 cxd4 10. Nxd4 Nbd7 11. b3 Ne5 12. Bc2 Rc8 13. Rd1 a6 14. a4 Nfd7 15.
O-O Nc5 16. Qf2 Ncd7 17. Rd2 Qc7 18. Rfd1 Rfe8 19. h3 Nc6 20. Nd5 Qb8 21. Nxb6
Nxb6 22. Nxc6 Rxc6 23. Bxb6 Bc8 24. Bd4 Bxd4 25. Qxd4 Be6 26. Rb1 Rec8 27. Rdd1
Qb4 28. f4 Qc5 29. Qxc5 Rxc5 30. g4 a5 31. Kf2 f6 32. f5 Bf7 33. Rg1 g5 34. h4
h6 35. hxg5 hxg5 36. Rbd1 Kg7 37. Rh1 Rh8 38. Rxh8 Kxh8 39. Ke3 Kg7 40. Kd4 Be8
41. Kc3 Bc6 42. b4 axb4+ 43. Kxb4 Bb7 44. a5 Kf8 45. Ba4 Bxe4 46. a6 Bf3 47.
Rd4 Bg2 48. Bc2 Ke8 49. Be4 Bxe4 50. Rxe4 Rc6 51. Kb5 Kd7 52. Rd4 Rc5+ 53. Kb4
Kc6 54. Rd5 Rxd5 55. cxd5+ Kb6 56. a7 Kxa7 57. Ka5 Kb7 58. Kb5 Kc7 59. Ka6 Kc8
60. Kb6 Kd8 61. Kb7 e5 62. dxe6 d5 0-1

[Event "XXVIII Memorial Edoardo Crespi A"]
[Site "Milano ITA"]
[Date "2007.12.07"]
[Round "4"]
[White "Cazzaniga, Walter"]
[Black "Quaranta, Cristiano"]
[Result "1/2-1/2"]
[WhiteElo "2167"]
[BlackElo "2070"]
[PlyCount "90"]
[EventDate "2007.12.05"]

1. d4 d5 2. c4 c6 3. Nf3 e6 4. Nc3 dxc4 5. e3 b5 6. a4 Bb4 7. Bd2 a5 8. axb5
Bxc3 9. Bxc3 cxb5 10. b3 Bb7 11. bxc4 b4 12. Bb2 Nf6 13. Bd3 Nbd7 14. O-O O-O
15. c5 Ba6 16. Bxa6 Rxa6 17. Qe2 Qa8 18. Ra4 Qc6 19. Rfa1 Rfa8 20. Ne1 Nb8 21.
Nd3 Qb5 22. Kf1 Nc6 23. Ne5 Qxe2+ 24. Kxe2 Nxe5 25. dxe5 Nd7 26. Bd4 Nb8 27.
Kd3 Nc6 28. Kc4 Rb8 29. f4 Kf8 30. g4 Ke7 31. Bb2 Ra7 32. Rd1 g6 33. Rd6 Rc7
34. e4 Rbc8 35. Kb3 Nd8 36. Rxa5 Nb7 37. Rb5 Nxc5+ 38. Kxb4 Nxe4 39. Rd4 Nf2
40. g5 Ng4 41. Ba3 Kf8 42. Ka5+ Kg8 43. Bd6 Rd7 44. h3 Ne3 45. Rb3 Nf5 1/2-1/2

[Event "XXVIII Memorial Edoardo Crespi A"]
[Site "Milano ITA"]
[Date "2007.12.07"]
[Round "4"]
[White "Colica, Daniele"]
[Black "Quagliarella, Sabino Remo"]
[Result "0-1"]
[WhiteElo "1860"]
[BlackElo "1950"]
[PlyCount "72"]
[EventDate "2007.12.05"]

1. e4 g6 2. Bc4 c6 3. Nc3 Bg7 4. d4 d6 5. Nge2 Nd7 6. Be3 Ngf6 7. f3 O-O 8. Qd2
a5 9. a4 Nb6 10. Ba2 d5 11. e5 Ne8 12. O-O Be6 13. Nf4 Bf5 14. g4 Bc8 15. Nh3
f6 16. Bh6 Nc4 17. Bxc4 dxc4 18. Bxg7 Kxg7 19. exf6+ exf6 20. Ne4 h5 21. Nf4
hxg4 22. c3 gxf3 23. Rxf3 Bf5 24. Nh5+ Kh7 25. Qf4 Bxe4 26. Qxe4 f5 27. Qf4
gxh5 28. Rg3 Ng7 29. Re1 Qf6 30. Rge3 Rf7 31. Qf3 Raf8 32. R1e2 f4 33. Re5 Qg6+
34. Rg2 Qb1+ 35. Kf2 Qxb2+ 36. Re2 Qb1 0-1

[Event "XXVIII Memorial Edoardo Crespi A"]
[Site "Milano ITA"]
[Date "2007.12.07"]
[Round "4"]
[White "D'Apa, Matteo"]
[Black "Martinez, Rolly"]
[Result "0-1"]
[WhiteElo "2085"]
[BlackElo "2447"]
[PlyCount "42"]
[EventDate "2007.12.05"]

1. d4 Nf6 2. c4 e6 3. Nf3 b6 4. Nc3 Bb7 5. Bg5 h6 6. Bd2 d5 7. e3 Bd6 8. cxd5
exd5 9. Bd3 a6 10. O-O Nbd7 11. Qc2 Qe7 12. e4 Nxe4 13. Rfe1 f5 14. Ne5 Nxe5
15. dxe5 Bc5 16. Be3 d4 17. Nxe4 fxe4 18. Bxe4 dxe3 19. Rxe3 O-O-O 20. Bxb7+
Kxb7 21. Qe4+ Kb8 0-1

[Event "XXVIII Memorial Edoardo Crespi A"]
[Site "Milano ITA"]
[Date "2007.12.07"]
[Round "4"]
[White "Damia, Angelo"]
[Black "De Santis, Alessio"]
[Result "1-0"]
[WhiteElo "2266"]
[BlackElo "2367"]
[PlyCount "83"]
[EventDate "2007.12.05"]

1. e4 d6 2. d4 Nf6 3. Nc3 c6 4. f4 Qa5 5. Bd3 d5 6. e5 Ne4 7. Bd2 Nxc3 8. Bxc3
Qb6 9. Nf3 g6 10. O-O e6 11. Qe1 c5 12. Ba5 Qc6 13. dxc5 Bxc5+ 14. Kh1 b6 15.
Bd2 Bb7 16. c3 Ba6 17. Qe2 Bxd3 18. Qxd3 b5 19. Be3 Nd7 20. Bd4 a6 21. Ng5 h6
22. Qh3 Ra7 23. Rae1 Bxd4 24. cxd4 Nb6 25. Rc1 Qd7 26. b3 Kf8 27. Qc3 hxg5 28.
Qc5+ Kg7 29. Qxb6 gxf4 30. Rxf4 Rh5 31. h3 Rf5 32. Rxf5 gxf5 33. Rc3 Kh7 34.
Qa5 Qe7 35. Rg3 Qh4 36. Kh2 Qe7 37. Qd2 Ra8 38. Rg5 Qf8 39. Rh5+ Kg8 40. Qg5+
Qg7 41. Qe7 Qf8 42. Qf6 1-0

[Event "XXVIII Memorial Edoardo Crespi A"]
[Site "Milano ITA"]
[Date "2007.12.07"]
[Round "4"]
[White "Hubschmid, Stefan"]
[Black "Piantoni, Pierino"]
[Result "1-0"]
[WhiteElo "2066"]
[BlackElo "1942"]
[PlyCount "101"]
[EventDate "2007.12.05"]

1. e4 e6 2. d4 d5 3. Nc3 Bb4 4. exd5 exd5 5. Bd3 Nc6 6. Nge2 Bg4 7. f3 Bh5 8.
O-O Nge7 9. Ng3 Bg6 10. Nce2 a6 11. f4 f5 12. a3 Ba5 13. c4 dxc4 14. Bxc4 Bb6
15. Be3 Qd6 16. Qd2 O-O-O 17. Rfd1 Rhe8 18. Bf2 Nd5 19. Bxd5 Qxd5 20. Nc3 Qd6
21. d5 Bxf2+ 22. Qxf2 Ne7 23. Qa7 Qb6+ 24. Qxb6 cxb6 25. Na4 Nxd5 26. Rxd5 b5
27. Nc3 Rxd5 28. Nxd5 Kb8 29. Nc3 Rf8 30. Re1 Rf7 31. Kf2 Kc7 32. Re5 Kb6 33.
Ke3 Kc6 34. Nce2 Rf6 35. Nd4+ Kd7 36. Ndxf5 Bxf5 37. Nxf5 g6 38. Nd4 Kd6 39.
Ke4 h6 40. g4 b6 41. f5 gxf5+ 42. gxf5 Rf7 43. Re6+ Kc7 44. Rxh6 Re7+ 45. Re6
Rh7 46. f6 Rxh2 47. f7 Rf2 48. Nf3 Re2+ 49. Kf5 Rf2 50. Kg4 Kd7 51. Re3 1-0

[Event "XXVIII Memorial Edoardo Crespi A"]
[Site "Milano ITA"]
[Date "2007.12.07"]
[Round "4"]
[White "Papale, Carmelo"]
[Black "Bisignano, Giuseppe"]
[Result "0-1"]
[WhiteElo "1899"]
[BlackElo "1980"]
[PlyCount "75"]
[EventDate "2007.12.05"]

1. e4 e5 2. Nf3 Nc6 3. Bb5 a6 4. Ba4 Nf6 5. O-O Be7 6. Re1 b5 7. Bb3 d6 8. c3
Na5 9. Bc2 Bg4 10. h3 Bh5 11. d4 Qc8 12. a4 Nc6 13. Be3 O-O 14. Nbd2 Rb8 15. b4
exd4 16. Bxd4 Nxd4 17. cxd4 bxa4 18. Rxa4 c5 19. bxc5 dxc5 20. d5 Rb4 21. Ra3
Qb7 22. Qe2 c4 23. Nxc4 Rxc4 24. Ra2 Rfc8 25. Bd3 Bxf3 26. gxf3 Rc1 27. Bxa6
Qb1 28. Rxc1 Rxc1+ 29. Kh2 Re1 30. Bd3 Rh1+ 31. Kg3 Qg1+ 32. Kf4 Bd6+ 33. e5
Nxd5+ 34. Ke4 Nc3+ 35. Ke3 Bc5+ 36. Kd2 Nxe2 37. Ra8+ Bf8 38. Bxe2 0-1

[Event "XXVIII Memorial Edoardo Crespi A"]
[Site "Milano ITA"]
[Date "2007.12.07"]
[Round "4"]
[White "Pasquotto, Mirko"]
[Black "Rossi, Giampiero"]
[Result "1-0"]
[WhiteElo "1939"]
[BlackElo "1991"]
[PlyCount "63"]
[EventDate "2007.12.05"]

1. e4 c5 2. Nf3 e6 3. d4 cxd4 4. Nxd4 a6 5. Nc3 Qc7 6. Be2 Nf6 7. O-O Nc6 8.
Be3 Bb4 9. f3 O-O 10. a3 Bc5 11. Kh1 d6 12. Qd2 Bd7 13. f4 Nxd4 14. Bxd4 Bxd4
15. Qxd4 Bc6 16. Rad1 Rfd8 17. Bf3 Rac8 18. Rd2 e5 19. Qe3 Qe7 20. f5 b5 21. g4
Bb7 22. g5 Ne8 23. f6 gxf6 24. gxf6 Qxf6 25. Rg2+ Kh8 26. Be2 Qe7 27. Bh5 f6
28. Qh6 Rxc3 29. bxc3 Bxe4 30. Bf3 d5 31. Bxe4 dxe4 32. Rfg1 1-0

[Event "XXVIII Memorial Edoardo Crespi A"]
[Site "Milano ITA"]
[Date "2007.12.07"]
[Round "4"]
[White "Rettore, Ludwig"]
[Black "Galli, Fabio"]
[Result "1/2-1/2"]
[WhiteElo "2177"]
[BlackElo "2079"]
[PlyCount "50"]
[EventDate "2007.12.05"]

1. e4 e5 2. Nf3 d6 3. Bc4 Be7 4. c3 Nf6 5. d3 O-O 6. O-O Nc6 7. a4 Be6 8. Nbd2
d5 9. exd5 Bxd5 10. Re1 Bxc4 11. Nxc4 e4 12. dxe4 Qxd1 13. Rxd1 Nxe4 14. Bf4
Bc5 15. Rf1 Rac8 16. Rad1 Rfd8 17. Ne3 h6 18. Nd5 g5 19. Be3 Bxe3 20. Nxe3 Ne7
21. Rfe1 Nf6 22. Kf1 Kf8 23. Nd4 a6 24. f3 Nfd5 25. Ndf5 Nxe3+ 1/2-1/2

[Event "XXVIII Memorial Edoardo Crespi A"]
[Site "Milano ITA"]
[Date "2007.12.07"]
[Round "4"]
[White "Salvador, Roland"]
[Black "Facchetti, Gianni"]
[Result "1-0"]
[WhiteElo "2456"]
[BlackElo "2160"]
[PlyCount "77"]
[EventDate "2007.12.05"]

1. d4 Nf6 2. Nf3 d6 3. Nc3 d5 4. Bf4 e6 5. e3 Bd6 6. Bg5 Nbd7 7. e4 dxe4 8.
Nxe4 Be7 9. Bxf6 Nxf6 10. Bd3 Nxe4 11. Bxe4 c5 12. Qe2 Qc7 13. c3 O-O 14. dxc5
Qxc5 15. O-O-O a5 16. h4 Ra6 17. g4 b5 18. Qc2 f5 19. gxf5 exf5 20. Bd5+ Kh8
21. Qe2 Bf6 22. Ng5 g6 23. f4 h5 24. Rhg1 Qe7 25. Qxe7 Bxe7 26. Nf7+ Kg7 27.
Ne5 Bc5 28. Rgf1 Rff6 29. Bb7 Bxb7 30. Rd7+ Kg8 31. Rxb7 Rab6 32. Rd7 Rfe6 33.
Rd5 Be3+ 34. Kc2 Rbd6 35. Rxb5 Rd2+ 36. Kb3 Rh2 37. Rd1 Bxf4 38. Rd8+ Kg7 39.
Rd7+ 1-0

[Event "XXVIII Memorial Edoardo Crespi A"]
[Site "Milano ITA"]
[Date "2007.12.08"]
[Round "5"]
[White "Abdelatief, Abdelhakiem"]
[Black "Pasquotto, Mirko"]
[Result "1-0"]
[WhiteElo "1930"]
[BlackElo "1939"]
[PlyCount "99"]
[EventDate "2007.12.05"]

1. d4 Nf6 2. c4 g6 3. Nc3 Bg7 4. Nf3 O-O 5. e3 d5 6. Bd3 c5 7. dxc5 dxc4 8.
Bxc4 Qxd1+ 9. Kxd1 Nbd7 10. c6 bxc6 11. Ke2 Nb6 12. Bd3 Nfd5 13. Nxd5 cxd5 14.
Rd1 Bb7 15. Rb1 Rac8 16. Ke1 Rc7 17. Nd4 a6 18. f4 e5 19. fxe5 Bxe5 20. g3 Re8
21. Kf2 Bg7 22. b3 Rce7 23. Bd2 Nd7 24. Rbc1 Nf6 25. h3 Ne4+ 26. Bxe4 Rxe4 27.
Re1 Bc8 28. Rc5 Bxh3 29. Rxd5 Rc8 30. Rc1 Rxc1 31. Rd8+ Bf8 32. Bxc1 Kg7 33.
Bb2 f6 34. Kf3 Re5 35. g4 Kf7 36. Ne2 Re6 37. Nf4 Bxg4+ 38. Kxg4 Rxe3 39. Rd7+
Kg8 40. Bxf6 h5+ 41. Kh4 Rf3 42. Bg5 Bb4 43. Bh6 Be1+ 44. Kg5 Rg3+ 45. Kf6 Bc3+
46. Ke6 Re3+ 47. Kd5 Re5+ 48. Kc4 Be1 49. Rg7+ Kh8 50. Nxg6# 1-0

[Event "XXVIII Memorial Edoardo Crespi A"]
[Site "Milano ITA"]
[Date "2007.12.08"]
[Round "5"]
[White "Bisignano, Giuseppe"]
[Black "Bove, Alessandro"]
[Result "0-1"]
[WhiteElo "1980"]
[BlackElo "2195"]
[PlyCount "114"]
[EventDate "2007.12.05"]

1. e4 Nf6 2. Nc3 e5 3. Bc4 Nc6 4. f4 Nxe4 5. Nf3 Nd6 6. Bd5 e4 7. Qe2 Be7 8.
Nxe4 Nxe4 9. Qxe4 O-O 10. O-O Nb4 11. Ng5 Bxg5 12. fxg5 Nxd5 13. Qxd5 d6 14. d3
c6 15. Qf3 Be6 16. b3 d5 17. Qg3 Qb6+ 18. Be3 d4 19. Bf4 Rfe8 20. Be5 Qc5 21.
Rae1 Qd5 22. Rf4 c5 23. Rf3 Bd7 24. Rf6 Re6 25. Rxe6 Bxe6 26. Re4 Bf5 27. Re1
Re8 28. h4 Bd7 29. h5 Re6 30. Re4 Bc6 31. h6 gxh6 32. Bf6 Qd6 33. Re5 h5 34.
Qf4 b6 35. Kh2 Kf8 36. Rf5 Qxf4+ 37. Rxf4 Ke8 38. Rh4 h6 39. Rxh5 hxg5 40. Bxg5
Re5 41. Rh8+ Kd7 42. Bf4 Re6 43. Rh7 Rf6 44. g3 Bd5 45. Rh5 Kc6 46. Re5 Re6 47.
Rf5 Re8 48. Rf6+ Be6 49. g4 Kb5 50. g5 Kb4 51. a4 Kc3 52. a5 Kxc2 53. axb6 axb6
54. Bc7 Kxd3 55. Rf3+ Kc2 56. Bxb6 d3 57. Ba5 Bxb3 0-1

[Event "XXVIII Memorial Edoardo Crespi A"]
[Site "Milano ITA"]
[Date "2007.12.08"]
[Round "5"]
[White "Bosi, Clint"]
[Black "Cazzaniga, Walter"]
[Result "1-0"]
[WhiteElo "2050"]
[BlackElo "2167"]
[PlyCount "65"]
[EventDate "2007.12.05"]

1. f4 d5 2. Nf3 Nf6 3. g3 g6 4. Bg2 Bg7 5. d3 O-O 6. O-O c5 7. c3 Nc6 8. Na3 b6
9. Qc2 Ba6 10. Rd1 Qc7 11. e4 dxe4 12. dxe4 Rad8 13. Be3 Ng4 14. Bf2 Nxf2 15.
Kxf2 e5 16. Qa4 Bc8 17. fxe5 Nxe5 18. Nxe5 Bxe5 19. Nc4 Bg4 20. Bf3 Bxf3 21.
Kxf3 Bg7 22. Rxd8 Rxd8 23. Rd1 h5 24. Ne3 Qc8 25. Rxd8+ Qxd8 26. Qxa7 Qd2 27.
Qb8+ Kh7 28. Qxb6 Qxh2 29. Qxc5 Qxb2 30. Qc4 Kg8 31. a4 Bxc3 32. Nd1 Qb4 33.
Qc8+ 1-0

[Event "XXVIII Memorial Edoardo Crespi A"]
[Site "Milano ITA"]
[Date "2007.12.08"]
[Round "5"]
[White "Cardani, Roberto"]
[Black "Arboscelli, Gregorio"]
[Result "0-1"]
[WhiteElo "1923"]
[BlackElo "1913"]
[PlyCount "114"]
[EventDate "2007.12.05"]

1. e4 e5 2. Nf3 Nc6 3. Bb5 a6 4. Ba4 Nf6 5. O-O Be7 6. Re1 b5 7. Bb3 d6 8. c3
O-O 9. h3 Nb8 10. d4 Nbd7 11. Nbd2 Bb7 12. Bc2 Re8 13. Nf1 Bf8 14. Ng3 g6 15.
a4 c5 16. d5 c4 17. Bg5 h6 18. Be3 Nc5 19. Qd2 Kh7 20. Nh2 Qd7 21. axb5 axb5
22. Rxa8 Rxa8 23. f4 Nb3 24. Qf2 Bg7 25. Rf1 Ra1 26. Bxb3 Rxf1+ 27. Qxf1 cxb3
28. Qd1 h5 29. fxe5 dxe5 30. Nf3 Nxd5 31. exd5 Bxd5 32. Ng5+ Kg8 33. Nf1 Qc6
34. Nf3 b4 35. cxb4 Bxf3 36. Qxf3 Qc2 37. Qf2 e4 38. Qxc2 bxc2 39. Bc1 Bd4+ 40.
Ne3 f5 41. Kf1 Kf7 42. Nxc2 Bb6 43. Ke2 Ke6 44. Ne3 g5 45. Nc4 Bd8 46. Be3 Kd5
47. Na3 f4 48. Ba7 g4 49. hxg4 hxg4 50. Bb8 f3+ 51. gxf3 gxf3+ 52. Ke3 Bb6+ 53.
Kd2 e3+ 54. Ke1 Kd4 55. Nb1 Bd8 56. Ba7+ Kd3 57. Nc3 Bh4+ 0-1

[Event "XXVIII Memorial Edoardo Crespi A"]
[Site "Milano ITA"]
[Date "2007.12.08"]
[Round "5"]
[White "Crippa, Gabriele"]
[Black "Giannetta, Paolo"]
[Result "1-0"]
[WhiteElo "2087"]
[BlackElo "1947"]
[PlyCount "67"]
[EventDate "2007.12.05"]

1. Nf3 d6 2. d4 f5 3. Nc3 Nf6 4. Bg5 Ne4 5. Nxe4 fxe4 6. Nd2 d5 7. c4 c6 8. e3
g6 9. h4 h6 10. Bf4 Bg7 11. Qb3 O-O 12. cxd5 cxd5 13. Nxe4 Rxf4 14. exf4 Nc6
15. Nc3 e6 16. Bd3 Nxd4 17. Qd1 Qf6 18. Qd2 b5 19. Ne2 Nf5 20. h5 Nd6 21. Qc3
Qe7 22. Qb3 Bd7 23. hxg6 Nc4 24. Rb1 a5 25. Bxc4 dxc4 26. Qe3 Qf6 27. Qe4 Ra6
28. Qb7 Qxg6 29. Rd1 c3 30. bxc3 Bc6 31. Qxa6 Qxg2 32. Rd8+ Kh7 33. Rg1 Bxc3+
34. Kd1 1-0

[Event "XXVIII Memorial Edoardo Crespi A"]
[Site "Milano ITA"]
[Date "2007.12.08"]
[Round "5"]
[White "De Santis, Alessio"]
[Black "Bernago, Federico"]
[Result "1/2-1/2"]
[WhiteElo "2367"]
[BlackElo "2002"]
[PlyCount "25"]
[EventDate "2007.12.05"]

1. d4 Nf6 2. c4 c5 3. d5 b5 4. cxb5 a6 5. f3 g6 6. e4 d6 7. Nc3 Bg7 8. a4 O-O
9. Ra3 axb5 10. Bxb5 Ba6 11. Nge2 Bxb5 12. Nxb5 Na6 13. O-O 1/2-1/2

[Event "XXVIII Memorial Edoardo Crespi A"]
[Site "Milano ITA"]
[Date "2007.12.08"]
[Round "5"]
[White "Drazic, Sinisa"]
[Black "Salvador, Roland"]
[Result "1-0"]
[WhiteElo "2493"]
[BlackElo "2456"]
[PlyCount "147"]
[EventDate "2007.12.05"]

1. c4 Nf6 2. Nc3 e6 3. d4 Bb4 4. e3 b6 5. Nge2 Bb7 6. a3 Bxc3+ 7. Nxc3 O-O 8.
Qc2 c5 9. dxc5 bxc5 10. b4 Nc6 11. b5 Ne5 12. f4 Ng6 13. Bd3 Nh4 14. Ne4 Bxe4
15. Bxe4 Nxe4 16. Qxe4 d5 17. Qc2 dxc4 18. O-O Qd3 19. Ra2 Rfd8 20. e4 Rd4 21.
Qf2 Ng6 22. f5 Ne5 23. fxe6 fxe6 24. Rd2 Qc3 25. Rxd4 Qxd4 26. Be3 Qd7 27. Bxc5
h6 28. Qd4 Qxd4+ 29. Bxd4 Nd3 30. e5 a6 31. b6 Rb8 32. Rb1 Rb7 33. g3 Kf7 34.
Kf1 Ke8 35. Ke2 Kd7 36. Kd2 Kc6 37. Kc3 Kd5 38. a4 g5 39. a5 h5 40. Rf1 Rd7 41.
Rb1 Rb7 42. h3 h4 43. Rf1 Rd7 44. Rb1 Rb7 45. gxh4 gxh4 46. Rf1 Rd7 47. Rf8 Nc1
48. Bf2 Nd3 49. Bxh4 Nxe5 50. Rc8 Rh7 51. Bg3 Rxh3 52. Rg8 Nc6 53. b7 e5 54.
Kc2 Nd4+ 55. Kd2 Nc6 56. Rd8+ Ke4 57. Rc8 c3+ 58. Ke2 Rh7 59. Rxc6 Rxb7 60. Kd1
Rb2 61. Rxa6 Rg2 62. Bh4 Kd5 63. Rb6 Kc4 64. a6 Rg1+ 65. Kc2 Rg2+ 66. Kd1 Rg1+
67. Kc2 Rg2+ 68. Kc1 Rg1+ 69. Kc2 Rg2+ 70. Kb1 Rg1+ 71. Ka2 c2 72. Rc6+ Kd3 73.
a7 Rg8 74. Kb2 1-0

[Event "XXVIII Memorial Edoardo Crespi A"]
[Site "Milano ITA"]
[Date "2007.12.08"]
[Round "5"]
[White "Facchetti, Gianni"]
[Black "Bemporad, Filippo"]
[Result "0-1"]
[WhiteElo "2160"]
[BlackElo "2082"]
[PlyCount "129"]
[EventDate "2007.12.05"]

1. e4 c5 2. Nf3 d6 3. d4 cxd4 4. Qxd4 Nc6 5. Bb5 Bd7 6. Bxc6 Bxc6 7. c4 Nf6 8.
Nc3 e6 9. O-O Be7 10. b4 b6 11. a4 O-O 12. Bb2 Qb8 13. Rfe1 Rd8 14. Nd5 Bxd5
15. cxd5 e5 16. Qd3 Qb7 17. Rac1 Rac8 18. Ba3 Rxc1 19. Rxc1 Rc8 20. Rc4 g6 21.
Qc2 Rxc4 22. Qxc4 Qd7 23. b5 Qg4 24. Nd2 Qd1+ 25. Nf1 Kg7 26. f3 Nh5 27. Bc1
Nf4 28. Be3 Bg5 29. g3 Ne2+ 30. Kf2 Nd4 31. Bxd4 exd4 32. f4 Bf6 33. Qe2 Qb1
34. e5 dxe5 35. fxe5 Qf5+ 36. Qf3 Qxe5 37. Nd2 Be7 38. Nc4 Qc7 39. Qd3 Qc5 40.
Ne5 Qxd5 41. Nc6 Bf6 42. Nxa7 Qa2+ 43. Kg1 Qxa4 44. Nc6 Qa1+ 45. Kf2 Qb2+ 46.
Kf3 Qxh2 47. Nxd4 Qh5+ 48. Kf2 Qc5 49. Ke3 Qe5+ 50. Qe4 Qxg3+ 51. Nf3 Qc7 52.
Qc6 Qe7+ 53. Kd3 Qa3+ 54. Ke4 Qb4+ 55. Kd3 Qb3+ 56. Kd2 h5 57. Ne1 Qb4+ 58. Ke2
Qg4+ 59. Nf3 Qe6+ 60. Kf2 Qa2+ 61. Kg3 Qe6 62. Nd2 h4+ 63. Kf3 Qf5+ 64. Kg2
Qg5+ 65. Kh3 0-1

[Event "XXVIII Memorial Edoardo Crespi A"]
[Site "Milano ITA"]
[Date "2007.12.08"]
[Round "5"]
[White "Galli, Fabio"]
[Black "Barberi, Alessandro"]
[Result "1-0"]
[WhiteElo "2079"]
[BlackElo "2157"]
[PlyCount "141"]
[EventDate "2007.12.05"]

1. e4 g6 2. g3 Bg7 3. Bg2 d6 4. Ne2 e5 5. O-O Ne7 6. c3 O-O 7. d4 c6 8. Be3 h6
9. f4 exf4 10. Nxf4 Na6 11. Nd2 Nc7 12. Nf3 Kh7 13. Qc2 f5 14. e5 Ned5 15. Bd2
Nxf4 16. gxf4 d5 17. Kh1 Ne6 18. Bh3 Bd7 19. Rg1 Be8 20. Rg3 c5 21. Rag1 Rc8
22. dxc5 Rxc5 23. Qd3 Rc4 24. Nd4 Nxd4 25. cxd4 Qc8 26. Bc3 h5 27. Bg2 Qe6 28.
Qf3 Bf7 29. Bf1 Rc7 30. Bd3 Bh6 31. Ba5 b6 32. Bb4 Rd8 33. Bd6 Rxd6 34. exd6
Qxd6 35. Rf1 Qb4 36. Qf2 Bg7 37. a3 Qa4 38. Qe2 Qxd4 39. Rg2 Qc5 40. h3 d4 41.
Kh2 Qd6 42. Qd2 Re7 43. Re2 Rxe2+ 44. Qxe2 Bd5 45. Bc4 Be4 46. Bd3 Bb7 47. Ba6
Ba8 48. Qe8 Bc6 49. Qe2 Bh6 50. Qe5 Qxe5 51. fxe5 b5 52. a4 b4 53. Bb5 Bd5 54.
b3 Bxb3 55. Rb1 Bc2 56. Rxb4 Bf4+ 57. Kg2 Bxe5 58. Kf2 d3 59. Ke3 f4+ 60. Kd2
a5 61. Re4 Bd6 62. Bxd3 Bxd3 63. Kxd3 Kh6 64. Rd4 Bc7 65. Rd7 Bb6 66. Rd6 Bc7
67. Rc6 Bd8 68. Rc5 Kg7 69. Ke4 g5 70. Rd5 Be7 71. Rxa5 1-0